| 000 | 00681cab a2200229 4500 | ||
|---|---|---|---|
| 001 | WB3313-44 | ||
| 008 | 090401t1997 xxu||||| |||| 00| 0 eng d | ||
| 035 | _a(Sirsi) u77412 | ||
| 041 | _aeng | ||
| 245 | _aSurveyors go for safe options | ||
| 260 | _c1997 | ||
| 350 | _a0 | ||
| 490 |
_aSunday Business _v23 March 1997, 5(1) |
||
| 520 | _aRichard Ellis is to incorporate and Jones Lang wootton plans to do so by 1999. Looks at prospects. | ||
| 650 | _aABOUT RICS-RICS MEMBERS | ||
| 650 | _aINCORPORATION | ||
| 650 | _aLIMITED LIABILITY | ||
| 650 | _aPARTNERSHIPS | ||
| 690 | _aMANAGEMENT-BUSINESS MANAGEMENT-PROFESSIONAL PRACTICE | ||
| 942 | _n0 | ||
| 948 | _c26/03/1997 | ||
| 999 |
_c48668 _d48668 |
||